000 00542nam a2200181Ia 4500
003 OSt
005 20251230150945.0
008 210210b1958 xxu||||| |||| 00| 0 eng d
040 _cAL
041 _aKannada
082 _a859/2098
100 _aSATYAN (C S)
_9156928
_dಸತ್ಯನ್ (ಸಿಎಸ್)
245 _aNInu nijavagiyu sundari Adare?:
_bನಾನು ನಿಜವಾಗಿಯೂ ಸುಂದರಿ ಆದರೆ?
260 _aBengaluru
_b-
_c1958
690 _aKannada Fiction
_9156929
906 _a022813
942 _2ddc
_cBK
999 _c147448
_d147448